000 01078nam0a2200277 4500
001 RU\NLR\ONL2\27363
005 20260405055021.0
035 _a(NLR Aleph) 010214317
090 _a10289138
_c10289138
100 _a20130723d1974 |||y0rusy50 ca
101 0 _aalt
_brus
_ckaz
102 _aRU
105 _ay |||||||||
200 1 _aЧӧлдӧрдиҥ jайымы учун
_e(Хан Кене)
_eозогы ой керегинде роман
_fИльяс Енсенберлин
_gалтай тилге Аржан Адаров кӧчӱрген
210 _aГорно-Алтайск
_cАлт. бичиктер чыг. изд. Туулу Алт. бӧлӱги
_d1974
215 _a284 с.
_d21
541 1 _aЗа свободу степей
_eроман
_zrus
686 1 _aШ6(2=Алт)-91Каз7-4
700 1 _8rus
_7ca
_aЕсенберлин
_bИ.
_f1915-1983
_gИльяс
_3RU\NLR\auth\7718619
_91695
801 0 _aRU
_bNLR
_c20130723
_gPSBO
852 _aNLR
852 _aNLR
_bОНЛ
_jАлт./3-747
942 _cBOOK
980 _aNB
980 _aONL_RF